00493nam a2200133 a 450000500170000000800410001702000180005805000240007610000280010024501410012826000360026930000220030565000320032720140412111240.0010418s19uu xx 00 eng d a971-569-002-5 aFil 398.2bCHO 1990 aChorengel, Marla Yotoko aMarmol (the princess in the marble palace) /cby Marla Yotoko Chorengel; edited by Melissa Ylanan Moran; illustrated by Albert E. Gamos. aPhilippines :bBookmark,c1990. a1v. (unp.) ; ill. aMarble stories, Philippines